|
|
|
|
| LEADER |
00563nam a22001457a 4500 |
| 003 |
OSt |
| 999 |
|
|
|c 157870
|d 157870
|
| 082 |
|
|
|b ICWICB 2006
|
| 100 |
|
|
|a Bharath institute of higher education and research
|
| 245 |
|
|
|a International conference and workshop on innovations and challenges in biotechnology
|
| 260 |
|
|
|a Chennai
|b Bharath institute of higher education and research
|
| 300 |
|
|
|a 131 p.
|
| 546 |
|
|
|a English
|
| 942 |
|
|
|2 ddc
|c REP
|
| 952 |
|
|
|0 0
|1 0
|2 ddc
|4 0
|6 ICWICB_2006_000000000000000
|7 0
|9 157653
|a KAUCLV
|b KAUCLV
|c REPORTS
|d 2017-12-11
|o ICWICB 2006
|p 808467
|r 2017-12-11
|y REP
|